Word Ladder: Do Not Resuscitate Quiz Stats

 Plays Quiz Updated Jul 17, 2012

Support Sporcle.
Go Orange.
Score 0/32 Timer 03:00
1 Play Today
Hint Word % Correct
Summer retreat for kidsCAMP
89%
Walking stickCANE
89%
ArrivedCAME
88%
☠ MUSICAL RHYTHM ☠☠ BEAT ☠
87.9%
☠ FILET, BRISKET, OR CHOP ☠☠ MEAT ☠
84.3%
☠ NOT AGITATED ☠☠ CALM ☠
84.1%
Use an Android or iPhoneCALL
83.8%
Look at a bookREAD
82.4%
Steeple ringerBELL
82.3%
Trouser adjunctBELT
82.2%
On The ____ AgainROAD
81%
Jack, trey, or jokerCARD
78.8%
Like steel or stoneHARD
78%
4 of this make a walkBALL
76.4%
☠ HAT HOLDER ☠☠ HEAD ☠
76.2%
Honey beerMEAD
75.4%
Hint Word % Correct
Farm field yieldCROP
72.7%
Hold tightlyGRIP
71.8%
Degree holderGRAD
69.4%
Shed water graduallyDRIP
68.2%
Row and column arrangementGRID
68.1%
Prod into actionGOAD
66.2%
It might be thunderingHERD
66.1%
Provide without chargeCOMP
65.8%
Firewood quantityCORD
64.6%
☠ ____ OF A HAT ☠☠ DROP ☠
64.4%
Central massCORE
60.6%
Titanic actor Billy ____ZANE
58.7%
Keep in a small space, with upCOOP
57.9%
Road repair warningCONE
51.2%
☠ DESIGNATED AREA ☠☠ ZONE ☠
51.1%
☠ COMMON BOND ☠☠ DEAD ☠
25%

Today's Daily Dose

You're not logged in!

Compare scores with friends on all Sporcle quizzes.
OR
Log In

From the Vault

Harry Potter Screenshot Match: Prisoner of Azkaban

by Quiztopia

Hopefully you've seen the movie before taking this quiz.
Remove Ads.
Support Sporcle.
Get the best of Sporcle when you Go Orange. This ad-free experience offers more features, more stats, and more fun while also helping to support Sporcle. Thank you for becoming a member.

Show Comments

Extras

Top Quizzes Today


Score Distribution

Your Account Isn't Verified!

In order to create a playlist on Sporcle, you need to verify the email address you used during registration. Go to your Sporcle Settings to finish the process.

Report this User

Report this user for behavior that violates our Community Guidelines.

Details: